01011nam a2200217Ia 4500008004100000020002200041050002300063100004600086245008200132250001100214260004100225300001800266500027400284650001800558650002300576650002500599650002500624942000700649952012000656999001700776120626s9999 xx 000 0 und d a978-968-24-3090-9 aHV5824.J8 V45 1997 aVELASCO FERNÁNDEZ, Rafael,autor.eautor14aLas Adicciones b : Manual para maestros y padrescRafael Velasco Fernández a2a ed. aMéxico : Trillasb: Trillasc,2013 3a199 páginas aContiene: glosario e índice analítico \ Apéndices: I. Reglamento para la organización y el funcionamiento del Consejo Nacional Contra las Adicciones II. Delitos contra la salud pública en el Código Penal para el Distrito Federal y para toda la República e 1a1. ADICCIONES 1a2. EPIDEMIOLOGÍA 1a3. JOVENES -- DROGAS 1a4. DROGAS -- ESCUELA cLB 00102lcc4070a04b04d2014-09-01l6m2oHV5824.J8 V45 2013p22 000579r2023-02-28s2019-02-12t1w2014-09-01yLB c93790d93790